Statistics for UK Prime Ministers - full name

Click here to take the quiz!

General Stats

  • This quiz has been taken 155 times
    (144 since last reset)
  • The average score is 31 of 76

Answer Stats

HintAnswer% Correct
1979-1990Margaret Thatcher
90%
1940-1945 | 1951-1955Winston Churchill
90%
2007-2010Gordon Brown
87%
1997-2007Tony Blair
87%
2016-Theresa May
85%
2010-2016David Cameron
83%
1990-1997John Major
75%
1964-1970 | 1974-1976Harold Wilson
63%
1970-1974Edward Heath
62%
1976-1979James Callaghan
60%
1868-1874 | 1880-1885 | 1886 | 1892-1894William Gladstone
58%
1955-1957Anthony Eden
56%
1945-1951Clement Attlee
56%
1868 | 1874-1880Benjamin Disraeli
54%
1916-1922David Lloyd George
52%
1937-1940Neville Chamberlain
52%
1963-1964Alec Douglas-Home
50%
1957-1963Harold Macmillan
50%
1783-1801 | 1804-1806William Pitt the Younger
50%
1834-1835 | 1841-1846Robert Peel
48%
1923-1924 | 1924-1929 | 1935-1937Stanley Baldwin
48%
1766-1768William Pitt the Elder
46%
1828-1830 | 1834Duke of Wellington
42%
1924 | 1929-1935Ramsay MacDonald
42%
1830-1834Earl Grey
37%
1743-1754Henry Pelham
33%
1855-1858 | 1859-1865Lord Palmerston
33%
1721-1742Sir Robert Walpole
33%
1809-1812Spencer Perceval
33%
1922-1923Andrew Bonar Law
31%
1812-1827Lord Liverpool
31%
1834 | 1835-1841Lord Melbourne
31%
1902-1905Arthur Balfour
27%
1754-1756 | 1757-1762Duke of Newcastle
27%
1908-1916Herbert Henry Asquith
25%
1742-1743Earl of Wilmington
23%
1827George Canning
23%
1801-1804Henry Addington
23%
1765-1766 | 1782Marquess of Rockingham
23%
1756-1757Duke of Devonshire
21%
1768-1770Duke of Grafton
21%
1852 | 1858-1859 | 1866-1868Earl of Derby
21%
1846-1852 | 1865-1866Lord John Russell
21%
1885-1886 | 1886-1892 | 1895-1902Marquis of Salisbury
21%
1905-1908Henry Campbell- Bannerman
19%
1770-1782Lord Frederick North
19%
1852-1855Earl of Aberdeen
17%
1762-1763Earl of Bute
17%
1783 | 1807-1809Duke of Portland
15%
1827-1828Viscount Goderich
15%
1782-1783Earl of Shelburne
13%
1763-1765George Grenville
13%
1894-1895Earl of Rosebery
12%
1806-1807Lord Grenville
12%

Score Distribution

Percentile by Number Answered

Percent of People with Each Score

Your Score History

You have not taken this quiz since the last reset